Effect of levamisole and pyrantel on toxocara vitulorum in local calf at dunkeo city, takeo province, (ប្រសីទ្ធភាពនៃ Levamisole និង​ pyrantel ទៅលើការទម្លាក់ Toxocara vitulorum ក្នុងកូនគោពូជក្នុងស្រុក នៅក្នុងក្រុងដូនកែវ ខេត្តតាកែវ) (Record no. 2545)

000 -LEADER
fixed length control field 00760nam a22001577a 4500
003 - CONTROL NUMBER IDENTIFIER
control field OSt
005 - DATE AND TIME OF LATEST TRANSACTION
control field 20151024091412.0
008 - FIXED-LENGTH DATA ELEMENTS--GENERAL INFORMATION
fixed length control field 151024b xxu||||| |||| 00| 0 eng d
040 ## - CATALOGING SOURCE
Transcribing agency RUA
082 ## - DEWEY DECIMAL CLASSIFICATION NUMBER
Classification number AVM HEN 2012 B0101 Or.1
100 ## - MAIN ENTRY--PERSONAL NAME
9 (RLIN) 2720
Personal name HENG MAKARA
245 ## - TITLE STATEMENT
Title Effect of levamisole and pyrantel on toxocara vitulorum in local calf at dunkeo city, takeo province, (ប្រសីទ្ធភាពនៃ Levamisole និង​ pyrantel ទៅលើការទម្លាក់ Toxocara vitulorum ក្នុងកូនគោពូជក្នុងស្រុក នៅក្នុងក្រុងដូនកែវ ខេត្តតាកែវ)
260 ## - PUBLICATION, DISTRIBUTION, ETC. (IMPRINT)
Place of publication, distribution, etc. phnom penh
Name of publisher, distributor, etc. rua
Date of publication, distribution, etc. 2012
300 ## - PHYSICAL DESCRIPTION
Extent xi, 57p.
Other physical details ill.
Dimensions 29cm.
942 ## - ADDED ENTRY ELEMENTS (KOHA)
Source of classification or shelving scheme
Koha item type AVM
Holdings
Price effective from Date last seen Permanent Location Not for loan Date acquired Source of classification or shelving scheme Koha item type Lost status Withdrawn status Total Renewals Date last checked out Total Checkouts Shelving location Damaged status Barcode Current Location Full call number
2015-10-242015-10-24Library Block B 2015-10-24 AVM     B101 RUA018321Library Block BAVM HEN 2012 B0101 Or.1
2015-10-242015-10-24Library Block B 2015-10-24 AVM     B101 RUA009094Library Block BAVM HEN 2012 B0101 Or.2
2015-10-242018-05-30Library Block B 2015-10-24 AVM   2018-05-213B101 RUA009173Library Block BAVM HEN 2012 B0101 Or.3
2015-10-242018-02-26Library Block B 2015-10-24 AVM  12018-02-032B101 RUA018890Library Block BAVM HEN 2012 B0101 Or.4
2015-10-242015-10-24Library Block B 2015-10-24 AVM     B101 RUA018962Library Block BAVM HEN 2012 B0101 Or.5
2015-10-242019-05-11Library Block B 2015-10-24 AVM  32019-04-025B101 RUA018942Library Block BAVM HEN 2012 B0101 Or.6
2019-06-112019-06-11Library Block B 2019-06-11 AVM     B1.234 A40416Library Block BAVM HEN 2012 B1.234 Or.1
មជ្ឈមណ្ឌលឯការនៃសាកលវិទ្យាល័យភូមិន្ទកសិកម្មចំការដូង

Powered by Koha